|
|
|
|
| LEADER |
00000naa2a2200000 4500 |
| 001 |
609570 |
| 005 |
20231101132550.0 |
| 035 |
|
|
|a (RuTPU)RU\TPU\conf\7064
|
| 035 |
|
|
|a RU\TPU\conf\7062
|
| 090 |
|
|
|a 609570
|
| 100 |
|
|
|a 20141120d2014 k y0rusy50 ca
|
| 101 |
0 |
|
|a rus
|d eng
|
| 102 |
|
|
|a RU
|
| 105 |
|
|
|a y z 100zy
|
| 135 |
|
|
|a drcn ---uucaa
|
| 181 |
|
0 |
|a i
|
| 182 |
|
0 |
|a b
|
| 200 |
1 |
|
|a Миграция отчета "Экономический анализ деятельности МВЗ" с технологии MS Analysis services на Transact SQL
|f П. В. Аникина
|g науч. рук. Ю. Б. Буркатовская, Р. В. Юдахин
|
| 203 |
|
|
|a Текст
|c электронный
|
| 225 |
1 |
|
|a Технологии разработки и проектирования информационных систем
|
| 230 |
|
|
|a 1 компьютерный файл (pdf; 666 Кб)
|
| 300 |
|
|
|a Заглавие с титульного листа.
|
| 320 |
|
|
|a [Библиогр.: с. 216-217 (6 назв.)]
|
| 330 |
|
|
|a Time is one of the most expensive non-renewable resources. This fact makes optimize all business processes, that leads to increased productivity functioning of the enterprises. Therefore it was decided to optimize the performance of the basic economic unit of final reports in Gazprom Transgaz Tomsk by changing the technology of database queries.
|
| 337 |
|
|
|a Adobe Reader
|
| 463 |
|
1 |
|0 (RuTPU)RU\TPU\conf\6841
|t Технологии Microsoft в теории и практике программирования
|o сборник трудов XI Всероссийской научно-практической конференции студентов, аспирантов и молодых ученых, г.Томск, 23-24 апреля 2014 г.
|f Национальный исследовательский Томский политехнический университет (ТПУ), Институт кибернетики ; ред. кол. А. В. Лиепиньш и др.
|v [С. 214-217]
|d 2014
|
| 610 |
1 |
|
|a электронный ресурс
|
| 610 |
1 |
|
|a труды учёных ТПУ
|
| 610 |
1 |
|
|a экономический анализ
|
| 610 |
1 |
|
|a бизнес-процессы
|
| 610 |
1 |
|
|a производительность
|
| 610 |
1 |
|
|a отчеты
|
| 610 |
1 |
|
|a базы данных
|
| 610 |
1 |
|
|a данные
|
| 610 |
1 |
|
|a Transact-SQL
|
| 610 |
1 |
|
|a MDX
|
| 610 |
1 |
|
|a оптимизация
|
| 610 |
1 |
|
|a SQL Server Reporting Services
|
| 610 |
1 |
|
|a Microsoft Office PerformancePoint Server 2007
|
| 700 |
|
1 |
|a Аникина
|b П. В.
|
| 702 |
|
1 |
|a Буркатовская
|b Ю. Б.
|c специалист в области вычислительной техники, математик
|c доцент Томского политехнического университета, кандидат физико-математических наук
|f 1973-
|g Юлия Борисовна
|2 stltpush
|4 727
|
| 702 |
|
1 |
|a Юдахин
|b Р. В.
|4 727
|
| 712 |
0 |
2 |
|a Национальный исследовательский Томский политехнический университет (ТПУ)
|b Институт кибернетики (ИК)
|b Кафедра вычислительной техники (ВТ)
|h 126
|2 stltpush
|3 (RuTPU)RU\TPU\col\18699
|
| 801 |
|
2 |
|a RU
|b 63413507
|c 20141120
|g RCR
|
| 856 |
4 |
|
|u http://www.lib.tpu.ru/fulltext/c/2014/C28/083.pdf
|
| 942 |
|
|
|c BK
|